000 00373nam a22001577a 4500
020 _a978-81-264-3300-1
082 _a823
_bRAM/M
100 _aRAMACHANDRAN, VINITHA
245 _aMEERABAI
_bMANGO CLASSICS
246 _aMEERABAI
_bMANGO CLASSICS
260 _aKOTTAYAM
_bDC BOOKS
_c2016
300 _a75
520 _aCLASSIC STORY
650 _aCLASSIC STORY
942 _cBK
999 _c2880
_d2880